Historical Swing States - Statistics

General Stats
  • This quiz has been taken 172 times
    108 since last reset
  • The average score is 18 of 21
Answer Stats
Years Answer % Correct
5 Florida
99%
4 Ohio
98%
1 Virginia
96%
1 Georgia
95%
3 Michigan
95%
4 Wisconsin
95%
3 New Hampshire
94%
4 North Carolina
94%
4 Nevada
93%
2 Arizona
91%
4 Pennsylvania
90%
2 Iowa
88%
2 Colorado
85%
3 Minnesota
85%
2 New Mexico
85%
1 Indiana
83%
1 Maine
81%
2 Missouri
80%
2 Oregon
73%
1 Montana
65%
1 Tennessee
58%
No matching quizzes found
Score Distribution
Percent of People with Each Score
Percentile by Number Answered
Your Score History
You have not taken this quiz since the last reset